Word Chain : Nazi Germany - Statistics

General Stats
  • This quiz has been taken 73 times
  • The average score is 4 of 15
Answer Stats
Hint Answer % Correct
This book came to be known as the blueprint for National Socialism Mein Kampf
92%
In these trials Nazi Germany leaders stood trial for crimes against peace, war crimes, crimes against humanity Nuremberg
63%
Whom was the operation Barbarossa launched against Soviet Union
63%
Which ministry was presided over by Ribbentrop from 1938 to 1945 Foreign Affairs
30%
The Munich Agreement of 1938 provided for the German annexation of which part of Czechoslovakia Sudetenland
29%
This German-Austrian official of the Nazi Party was one of the major organisers of the Holocaust Adolf Eichmann
25%
What was the rank of Rudolf Hess on 30 January 1933 Deputy Fuhrer
16%
Operation 25 which began on 6 April 1941 was the invasion of which country Yugoslavia
14%
This purge was also known as Operation Hummingbird Night of the Long Knives
13%
This was signed on 23 March 1933 as an amendment to the Weimar Constitution Enabling Act
8%
Who headed the German Labor Front (DAF) in Nazi Germany Robert Ley
8%
Which Nazi SS division became notorious for its war crimes Totenkopf
8%
This was an agreement between Germany, Italy, and Japan signed in Berlin on 27 September 1940 Tripartite Pact
8%
He commanded the 4th Army of the Wehrmacht during the invasion of Poland in 1939 and the Battle of France in 1940 Gunther von Kluge
5%
This division was involved in Operation Weichsel, Operation Zeithen, and Operation Seydlitz against partisans Fegelein
2%
No matching quizzes found
Score Distribution
Percent of People with Each Score
Percentile by Number Answered
Your Score History
You have not taken this quiz